Podnikanie v komerčnom poisťovníctve

Hlavným cieľom zákona SNR č. 244/1991 Zb. o poisťovníctve v znení neskorších predpisov v čase jeho prijatia bolo vymedziť pravidlá pre podnikanie v komerčnom poisťovníctve a odstrániť štátny monopol v danej oblasti podnikania. Hlavné zásady zákona o poisťovníctve. Udeľovanie koncesie na podnikanie v...

Ausführliche Beschreibung

Gespeichert in:
Bibliographische Detailangaben
1. Verfasser: Fekete, Imrich
Format: Buchkapitel
Sprache:Slowakisch
Schlagworte:
Tags: Tag hinzufügen
Keine Tags, Fügen Sie das erste Tag hinzu!

MARC

LEADER 00000naa a2200000 4500
001 r039613
005 20230911132342.0
041 0 |a slo 
044 |a SK 
245 1 0 |a Podnikanie v komerčnom poisťovníctve  |c Imrich Fekete 
520 |a Hlavným cieľom zákona SNR č. 244/1991 Zb. o poisťovníctve v znení neskorších predpisov v čase jeho prijatia bolo vymedziť pravidlá pre podnikanie v komerčnom poisťovníctve a odstrániť štátny monopol v danej oblasti podnikania. Hlavné zásady zákona o poisťovníctve. Udeľovanie koncesie na podnikanie v poisťovníctve. Výkon priebežnej kontroly nad činnosťou poisťovní. Výkon disciplinárnej právomoci dozorného orgánu. 
610 2 0 |a poisťovníctvo 
610 2 0 |a konkurencia 
610 2 0 |a poisťovne komerčné 
610 2 0 |a podnikanie 
610 2 0 |a zákony 
610 2 0 |a Slovensko 
100 1 |a Fekete, Imrich